Arquitectura del vacío. Arquitectura, urbana, medio ambiente

Bibliographic Details
Main Author: Villarroel, Melvín
Format: Section = Libro
Language:Undetermined
Spanish
Published: México Gustavo Gili 2001
Edition:2a.ed.
Subjects:
LEADER 00650nam a2200229Ia 4500
008 240829s9999 xx 000 0 und d
020 |a 968-887-318-7 
040 |a BIBLIOTECA-RUSB/ 720 V722 
041 |a spa 
082 |a 720 V722 
100 1 |a Villarroel, Melvín 
245 1 0 |a Arquitectura del vacío. Arquitectura, urbana, medio ambiente 
250 |a 2a.ed. 
260 |a México  |b Gustavo Gili  |c 2001 
300 |a 238 p. :il. 
650 7 |a ARQUITECTURA - ESPACIO - PAISAJE 
650 7 |b  PAISAJE NATURAL URBANISMO 
650 7 |c  PAISAJE NATURAL - CIUDAD 
650 7 |d  VIVIENDAS - CONDOMINIOS 
942 |c BK  |2 ddc 
991 |a TEXTO 
999 |c 4951